000 00844nam a2200253Ia 4500
003 OSt
005 20220923222336.0
006 a|||||r|||| 00| 0
007 ta
008 220922b |||||||| |||| 00| 0 hin d
024 _a204,551
037 _cTextual
040 _aARTS
_cARTS
_bhin
041 _2hin
_ahin
082 _aO157,1M610c152,1M96, 152K5
100 _aवाजपेयी, अवधप्रसाद
245 0 _aटैगोर और निराला
246 _aṬaigor aur nirālā
260 _aकानपुर
_b युगवाणी
_c1965
300 _a251पृ.
_ccm.
650 _aबंगाली साहित्य
_9156264
942 _hO157,1M610c152,1M96, 152K5
_cTEXL
_2CC
999 _c355299
_d355299